00863cam a2200241z 45000010008000000030005000080050017000130080041000300200028000710200032000990200015001310400012001460500024001580820023001820900020002051000029002252450076002542600048003303000098003789420012004769990017004889520116005052183054PILC20150112093444.0981911 1998 0 eng  a0521476909 (student bk) a0521476917 (teacher's book) a0521476887 dUtOrBLW aPE 1128b.0999 1997 aP 428.24b0d2 1998 aPE65b.O33 19981 aO'Dell, Felicity.92169910aEnglish Panorama 1 :ba course for advanced learners /cFelicity O'Dell aCambridge :bCambridge Univ. Press,dc1998. a144 pages :eteacher's book (TGuide), 175p. Student's book (SBook). 2 audiocassettes (Cass) 2lcccBK c14859d14859 00102lcc40aSFUbSFUcSFUd2013-09-25l0oPE 1128 .0999 1997pSFU1631r2018-05-15 00:00:00t1w2013-09-25yBK